Most Popular Universities (US) Quiz Stats

 Plays Quiz Updated Oct 22, 2018

Score 0/30 Timer 06:00
2 Plays Today
Yield University % Correct
81%Harvard University
95.7%
70%Yale University
92.8%
66%Princeton University
80.3%
59%Brown University
73.4%
78%Stanford University
72.7%
65%University of Pennsylvania
70.5%
62%Columbia University
62.8%
72%Massachusetts Institute of Technology
61.6%
53%Cornell University
60.7%
50%University of Florida
58.6%
52%Dartmouth College
57%
53%University of Notre Dame
41.1%
60%University of Chicago
38.1%
78%Brigham Young University
27%
71%University of Nebraska
24.5%
Yield University % Correct
60%University of Nevada - Las Vegas
7.4%
71%University of Alaska - Fairbanks
6.7%
58%Yeshiva University
3.6%
52%North Dakota State University
2.1%
48%South Dakota State University
2.1%
57%Georgia Southern University
1.2%
66%Tennessee State University
1.2%
52%University of New Orleans
1.1%
49%Louisiana Tech University
0.8%
56%University of Louisiana - Lafayette
0.8%
50%Florida A&M University
0.6%
54%University of New Mexico
0.6%
48%Jackson State University
0.6%
56%University of Nebraska - Lincoln
0.5%
52%Georgia State University
0.5%

You're not logged in!

Compare scores with friends on all Sporcle quizzes.
OR
Log In

Sporcle TV

Today on Sporcle TV


Watch our educational content, quiz creation guides, and fun videos on Sporcle TV.

Show Comments

Extras

Top Quizzes Today


Score Distribution

Your Account Isn't Verified!

In order to create a playlist on Sporcle, you need to verify the email address you used during registration. Go to your Sporcle Settings to finish the process.

Report this User

Report this user for behavior that violates our Community Guidelines.

Details: